La danza de los esqueletos : la enseñanza de la bioarqueología a los niños y al público en general (Registro nro. 747640)

Detalles MARC
001 - NÚMERO DE CONTROL
campo de control 1449997
005 - FECHA Y HORA DE LA ÚLTIMA TRANSACCIÓN
campo de control 20240823090825.0
008 - DATOS DE LONGITUD FIJA--INFORMACIÓN GENERAL
campo de control de longitud fija 160906s2014 spa
035 ## - NÚMERO DE CONTROL DEL SISTEMA
Número de control de sistema 1449997
040 ## - FUENTE DE LA CATALOGACIÓN
Centro/agencia transcriptor comduadb
041 ## - CÓDIGO DE LENGUA
Código de lengua del texto/banda sonora o título independiente spa
100 10 - ENTRADA PRINCIPAL--NOMBRE DE PERSONA
Nombre de persona Assis, Sandra
Código de función aut
Término indicativo de función/relación Autor/a
9 (RLIN) 626377
245 13 - MENCIÓN DE TÍTULO
Título La danza de los esqueletos : la enseñanza de la bioarqueología a los niños y al público en general
650 #7 - PUNTO DE ACCESO ADICIONAL DE MATERIA--TÉRMINO DE MATERIA
Término de materia o nombre geográfico como elemento de entrada Arqueología
Fuente del encabezamiento o término armarc
9 (RLIN) 42020
650 ## - PUNTO DE ACCESO ADICIONAL DE MATERIA--TÉRMINO DE MATERIA
Término de materia o nombre geográfico como elemento de entrada Bioarqueologia
9 (RLIN) 186954
700 10 - ENTRADA AGREGADA--NOMBRE PERSONAL
Nombre de persona Santos, Ana Luisa
Código de función aut
Término indicativo de función/relación Autor/a
9 (RLIN) 365140
773 0# - ENLACE AL DOCUMENTO FUENTE/ENTRADA DE REGISTRO ANFITRIÓN
Título Jangwa Pana : Revista del Programa de Antropología (Santa Marta)
Parte(s) relacionada(s) Volumen 13, Enero-Diciembre 2014, 179-185
Número de control del registro 1318823
Número Internacional Normalizado para Publicaciones Seriadas 1657-4923
Número bibliográfico anfitrión 645865
942 ## - ELEMENTOS DE ENTRADA AGREGADA (KOHA)
Tipo de ítem Koha Artículo de Revista

No hay ítems disponibles.